LEADER 01166nam 2200349 450 001 996431552303316 005 20210806155957.0 010 $a980-00-0084-4 035 $a(OCoLC)435207472 100 $a19890609d1986---- uy 101 0 $aspa 105 $ay 200 13$aLa magia de la crónica$b[Texto impreso]$fEarle Herrera 210 $aCaracas$cDirección de Cultura, Universidad Central de Venezuela$d1986 215 $a161 p$d22 cm 225 1 $aColección Letras de Venezuela$v88.$aSerie Ensayo y crítica 320 $aBibliografía: p. 159-161 410 0$aColección Letras de Venezuela$v88 410 0$aColección Letras de Venezuela.$pSerie Ensayo y crítica 606 $aPeriodismo$2embne 615 7$aPeriodismo 700 $aHERRERA,$bEarle$0831128 801 0$bSpMaBN 912 $a996431552303316 926 $aBNMADRID$bSG_RECOLET$cVC/19080/4$dFONDO_MODE$f1 951 $aVI.7.B. 2752$b06765 ISLA$cVI.7.$d545759 956 $a1 969 $aISLA 980 $a980-00-0084-4$aM-BN$bBNMADRID$9MO01627548$jVC/19080/4$xDG$cSG_RECOLET 994 $aMONOMODERN 996 $aLa magia de la crónica$91859672 997 $aUNISA LEADER 01473 am 22003973u 450 001 9910765820503321 005 20230617025742.0 010 $a1920942106 010 $z9781920942106 035 $a(CKB)2670000000409951 035 $a(WaSeSS)Ind00074816 035 $a(EXLCZ)992670000000409951 100 $a20130916d2004|||| || | 101 0 $aeng 135 $aur||#|||||||| 181 $ctxt$2rdacontent 182 $cc$2rdamedia 183 $acr$2rdacarrier 200 00$aIn the service of the company $eletters of Sir Edward Parry, Commissioner to the Australian Agricultural Company$hVolume II$iJune 1832-March 1834 /$fEdward Parry 210 $aCanberra, A.C.T. $cANU E Press$dc2004 215 $a1 online resource (xii, 377 pages) 300 $aIncludes index. 327 $tPreface /$rProfessor Alan Atkinson --$tIntroduction /$rPennie Pemberton --$tNote on transcription --$tList of maps and illustrations --$t1832, letters No 637 -- 764 --$t1833, letters No 765 -- 1,048 --$t1834, letters No 1,049 -- 1,107. 606 $aPioneers$zAustralia$vCorrespondence 606 $aPioneers$2fast$3(OCoLC)fst01064447 607 $aAustralia$2fast 615 0$aPioneers 615 7$aPioneers. 676 $a994.02092 700 $aParry$b William Edward$cSir,$f1790-1855.$049743 801 0$bWaSeSS 801 1$bWaSeSS 801 2$bUkMaJRU 912 $a9910765820503321 996 $aIn the service of the company$93653030 997 $aUNINA